00807cam a22002051 450000100100000000500170001000800410002704000250006808200150009310000240010824501870013226000800031930000470039944000520044650400260049865000200052465000220054465000200056699900150058600000145520200929145602.0730924s1961 xx d 000 0 eng  aDO-SdBNPbspacBNPHU a546.2bxxx1 aHaar, Lester.9482510aIdeal gas thermodynamic functions and isotope exchange functions for the diatomic hydrides, deuterides, and tritides /c[by] Lester Haar, Abraham S. Friedman, and Charles W. Beckett. aWashington, :bU.S. Dept. of Commerce, National Bureau of Standards,c1961. aviii, 271 p. :b(chiefly tables) ;c27 cm. 0aNational Bureau of Standards monograph 2094826 aBibliografía: p. 6. 0aHydrides.94827 0aDeuterides.94828 0aTritides.94829 c1366d1366